Pierwsze państwo, które to zrobiło - Statystyki

Ogólne statystyki
  • Ten quiz został rozwiązany 4 663 razy
  • Średni wynik to 12 z 20
Statystyki odpowiedzi
Wskazówka Rok Państwo % Poprawnych
Wysłało człowieka na księżyc * 1969 Stany Zjednoczone
100%
Przekroczyło 1 miliard populacji 1982 Chiny
88%
Opłynęło kulę ziemską dookoła 1522 Hiszpania
86%
Umieściło satelitę na orbicie 1957 Związek Radziecki
80%
Gościło nowożytne Igrzyska Olimpijskie 1896 Grecja
74%
Zbudowało parową kolej pasażerską 1825 Wielka Brytania
74%
Kontrolowało całe Morze Śródziemne * 44 Cesarstwo Rzymskie
71%
Zbudowało system kolei dużych prędkości 1964 Japonia
71%
Popłynęło z Europy do Indii 1498 Portugalia
71%
Kontrolowało terytorium większe niż współczesna Rosja Lata 1200 Mongolia
70%
Wygrało Mistrzostwa Świata w Piłce Nożnej 1930 Urugwaj
65%
Zbudowało balon na gorące powietrze 1783 Francja
63%
Zalegalizowało małżeństwa homoseksualne 2000 Holandia
61%
Zbudowało konstrukcję wyższą niż 100 metrów ok. 2600 p. n. e. Egipt
52%
Zbanowało gumę do żucia * 1992 Singapur
49%
Wystrzeliło rakietę w kosmos 1944 Niemcy
47%
Posiadało ponad 1/3 populacji świata * ok. 500 p. n. e. Imperium Perskie
26%
Przyjęło chrześcijaństwo jako religię państwową 301 Armenia
23%
Otrzymało niepodległość od Imperium Francuskiego 1804 Haiti
20%
Przeprowadziło przeszczep serca 1967 Republika Południowej Afryki
9%
Nie znaleziono quizów pasujących do podanych kryteriów
Rozkład punktacji
Procent ludzi z każdym wynikiem
Percentyl według liczby udzielonych odpowiedzi
Twoja historia wyników
Nie rozwiązałeś tego quizu